00343nam a22000977a 4500008004100000082001700041245013300058260003400191300001400225440000600239230609b xxu||||| |||| 00| 0 eng d a354.676bGOK a2009/2010 Estimates of Development Expenditure of the Government of Kenya for the Year Ending 30th June 2010b(Votes D 01- D 19) aNairobi,KenyabGOKcJune,2009 aVII,1005p v1